[Event "2nd Irena Warakomska Memorial-A"]
[Site "Suwalki"]
[Date "2018.08.06"]
[Round "7"]
[White "Harshini, A."]
[Black "Bykovskiy, Oleg"]
[Result "1/2-1/2"]
[WhiteElo "2124"]
[BlackElo "2263"]
[Annotator "NA"]
[PlyCount "68"]
[EventDate "2018.08.01"]
[EventType "swiss"]
[EventCountry "POL"]
[SourceTitle "playchess.com"]
[Source "ChessBase"]
[SourceQuality "1"]
[TimeControl "40/5400+30:1800+30"]

1. e4 {[%emt 0:00:00]} g6 {[%emt 0:00:50]} 2. d4 {[%emt 0:00:00]} Bg7 {[%emt 0:00:23]} 3. Nf3 {[%emt 0:00:01]} d5 {[%emt 0:00:25]} 4. exd5 {[%emt 0:00:24]} Qxd5 {[%emt 0:00:06]} 5. Nc3 {[%emt 0:00:05]} Qd8 {[%emt 0:00:05]} 6. Be2 {[%emt 0:00:54]} Bg4 {[%emt 0:02:59]} 7. Be3 {[%emt 0:00:38]} Nf6 {[%emt 0:00:27]} 8. O-O {[%emt 0:00:51]} O-O {[%emt 0:00:07]} 9. Qd2 {[%emt 0:00:49]} e6 {[%emt 0:00:09]} 10. h3 {[%emt 0:00:22]} Bxf3 {[%emt 0:00:08]} 11. Bxf3 {[%emt 0:00:06]} c6 {[%emt 0:00:01]} 12. Ne4 {[%emt 0:05:59]} Nxe4 {[%emt 0:02:36]} 13. Bxe4 {[%emt 0:00:06]} Nd7 {[%emt 0:03:12]} 14. c4 {[%emt 0:03:00]} f5 {[%emt 0:07:32]} 15. Bf3 {[%emt 0:01:30]} e5 {[%emt 0:02:05]} 16. d5 {[%emt 0:02:31]} c5 {[%emt 0:14:25]} 17. Bg5 {[%emt 0:01:06]} Bf6 {[%emt 0:02:12]} 18. Bh6 {[%emt 0:02:23]} Re8 {[%emt 0:02:27]} 19. Bd1 {[%emt 0:05:23]} Nb6 {[%emt 0:03:54]} 20. Rc1 {[%emt 0:00:39]} Qd6 {[%emt 0:00:06]} 21. Bg5 {[%emt 0:00:30]} Bxg5 {[%emt 0:02:02]} 22. Qxg5 {[%emt 0:00:07]} e4 {[%emt 0:00:02]} 23. Re1 {[%emt 0:01:40]} Re5 {[%emt 0:04:50]} 24. Rc3 {[%emt 0:06:52]} Rf8 {[%emt 0:02:20]} 25. Qc1 {[%emt 0:01:30]} Re7 {[%emt 0:01:34]} 26. Rce3 {[%emt 0:03:47]} Nd7 {[%emt 0:01:21]} 27. f3 {[%emt 0:02:13]} Nf6 {[%emt 0:09:16]} 28. fxe4 {[%emt 0:00:52]} fxe4 {[%emt 0:00:10]} 29. Bc2 {[%emt 0:01:10]} Qf4 {[%emt 0:06:07]} 30. R3e2 {[%emt 0:10:26]} e3 {[%emt 0:10:52]} 31. Rxe3 {[%emt 0:02:48]} Ng4 {[%emt 0:04:41]} 32. hxg4 {[%emt 0:00:07]} Qf2+ {[%emt 0:00:05]} 33. Kh2 {[%emt 0:01:02]} Qh4+ {[%emt 0:00:05]} 34. Kg1 {[%emt 0:00:09]} Qf2+ {[%emt 0:00:06]} 1/2-1/2

[Event "2nd Irena Warakomska Memorial-A"]
[Site "Suwalki"]
[Date "2018.08.06"]
[Round "7"]
[White "Kuchava, Ana"]
[Black "Wacior, Maciej"]
[Result "0-1"]
[WhiteElo "2124"]
[BlackElo "2081"]
[Annotator "NA"]
[PlyCount "88"]
[EventDate "2018.08.01"]
[EventType "swiss"]
[EventCountry "POL"]
[SourceTitle "playchess.com"]
[Source "ChessBase"]
[SourceQuality "1"]
[TimeControl "40/5400+30:1800+30"]

1. d4 {[%emt 0:00:00]} d5 {[%emt 0:00:00]} 2. Nf3 {[%emt 0:00:00]} Nf6 {[%emt 0:00:00]} 3. c4 {[%emt 0:00:15]} e6 {[%emt 0:00:02]} 4. Nc3 {[%emt 0:00:05]} c6 {[%emt 0:00:03]} 5. Qb3 {[%emt 0:00:44]} Bd6 {[%emt 0:02:51]} 6. Bg5 {[%emt 0:00:24]} h6 {[%emt 0:00:11]} 7. Bh4 {[%emt 0:00:10]} Nbd7 {[%emt 0:01:11]} 8. e3 {[%emt 0:00:32]} Qc7 {[%emt 0:01:56]} 9. c5 {[%emt 0:00:40]} Be7 {[%emt 0:00:04]} 10. Bg3 {[%emt 0:00:05]} Qa5 {[%emt 0:00:38]} 11. a3 {[%emt 0:03:31]} b6 {[%emt 0:02:28]} 12. Qb4 {[%emt 0:00:45]} Qxb4 {[%emt 0:00:03]} 13. axb4 {[%emt 0:00:06]} Bb7 {[%emt 0:00:22]} 14. h3 {[%emt 0:01:03]} a5 {[%emt 0:02:17]} 15. bxa5 {[%emt 0:07:20]} bxc5 {[%emt 0:00:41]} 16. dxc5 {[%emt 0:00:51]} Nxc5 {[%emt 0:01:43]} 17. Nd4 {[%emt 0:02:06]} O-O {[%emt 0:05:53]} 18. f3 {[%emt 0:02:23]} Nfd7 {[%emt 0:03:31]} 19. Kf2 {[%emt 0:04:22]} Bf6 {[%emt 0:08:39]} 20. b4 {[%emt 0:05:48]} Nb3 {[%emt 0:16:10]} 21. Rd1 {[%emt 0:05:17]} Nxd4 {[%emt 0:00:03]} 22. exd4 {[%emt 0:00:05]} Be7 {[%emt 0:00:02]} 23. Rb1 {[%emt 0:02:17]} f5 {[%emt 0:00:08]} 24. Bf4 {[%emt 0:02:46]} g5 {[%emt 0:00:29]} 25. Bd2 {[%emt 0:01:29]} Bf6 {[%emt 0:01:14]} 26. Ne2 {[%emt 0:00:10]} Ba6 {[%emt 0:00:12]} 27. Bc3 {[%emt 0:00:28]} Rfb8 {[%emt 0:03:32]} 28. Ng3 {[%emt 0:03:35]} c5 {[%emt 0:01:15]} 29. b5 {[%emt 0:05:27]} cxd4 {[%emt 0:02:37]} 30. Bd2 {[%emt 0:01:25]} Bc8 {[%emt 0:09:59]} 31. Rc1 {[%emt 0:05:09]} Ne5 {[%emt 0:10:40]} 32. b6 {[%emt 0:02:28]} Ba6 {[%emt 0:00:45]} 33. Bxa6 {[%emt 0:00:55]} Rxa6 {[%emt 0:00:01]} 34. Rc7 {[%emt 0:02:59]} Bd8 {[%emt 0:01:07]} 35. Rc2 {[%emt 0:07:12]} Nc4 {[%emt 0:01:35]} 36. Bb4 {[%emt 0:00:16]} Nxa5 {[%emt 0:00:48]} 37. Bxa5 {[%emt 0:06:16]} Rxa5 {[%emt 0:00:08]} 38. Re1 {[%emt 0:00:10]} Bxb6 {[%emt 0:03:16]} 39. Rc6 {[%emt 0:01:14]} d3+ {[%emt 0:02:08]} 40. Kf1 {[%emt 0:00:00]} d2 {[%emt 0:00:00]} 41. Rd1 {[%emt 0:00:21]} Rc5 {[%emt 0:00:46]} 42. Rxe6 {[%emt 0:00:36]} Rc1 {[%emt 0:00:03]} 43. Ke2 {[%emt 0:00:06]} Rxd1 {[%emt 0:00:02]} 44. Kxd1 {[%emt 0:00:08]} Ba5 {[%emt 0:00:01]} 0-1

[Event "2nd Irena Warakomska Memorial-A"]
[Site "Suwalki"]
[Date "2018.08.06"]
[Round "7"]
[White "Sliwerski, Radoslaw"]
[Black "Jaroch, Karol"]
[Result "0-1"]
[WhiteElo "1990"]
[BlackElo "2222"]
[Annotator "NA"]
[PlyCount "108"]
[EventDate "2018.08.01"]
[EventType "swiss"]
[EventCountry "POL"]
[SourceTitle "playchess.com"]
[Source "ChessBase"]
[SourceQuality "1"]
[TimeControl "40/5400+30:1800+30"]

1. d4 {[%emt 0:00:00]} Nf6 {[%emt 0:00:00]} 2. c4 {[%emt 0:00:00]} g6 {[%emt 0:00:07]} 3. g3 {[%emt 0:00:00]} Bg7 {[%emt 0:00:04]} 4. Bg2 {[%emt 0:00:00]} O-O {[%emt 0:00:08]} 5. Nc3 {[%emt 0:00:00]} d6 {[%emt 0:01:17]} 6. Nf3 {[%emt 0:00:00]} Nbd7 {[%emt 0:00:09]} 7. O-O {[%emt 0:00:00]} c5 8. d5 {[%emt 0:06:56]} a6 {[%emt 0:08:37]} 9. h3 {[%emt 0:05:03]} Ne8 {[%emt 0:09:31]} 10. e4 {[%emt 0:10:04]} Nc7 11. a4 b6 {[%emt 0:12:03]} 12. Bf4 {[%emt 0:10:46]} Rb8 {[%emt 0:00:11]} 13. Qe2 {[%emt 0:05:26]} b5 {[%emt 0:07:17]} 14. cxb5 {[%emt 0:06:27]} axb5 {[%emt 0:00:19]} 15. axb5 {[%emt 0:08:16]} Nb6 {[%emt 0:05:20]} 16. Rfd1 {[%emt 0:10:55]} Bd7 {[%emt 0:01:34]} 17. e5 {[%emt 0:09:21]} Nc8 {[%emt 0:00:32]} 18. Qd2 Re8 19. Bh6 {[%emt 0:10:47]} Bxe5 {[%emt 0:17:57]} 20. Nxe5 {[%emt 0:00:06]} dxe5 {[%emt 0:00:05]} 21. Qe3 {[%emt 0:01:40]} f6 22. Qxc5 {[%emt 0:01:14]} Nxb5 {[%emt 0:00:20]} 23. d6 Ncxd6 {[%emt 0:05:53]} 24. Bd5+ {[%emt 0:11:11]} Kh8 {[%emt 0:00:07]} 25. Bc6 {[%emt 0:02:55]} Qc8 {[%emt 0:04:58]} 26. Nxb5 {[%emt 0:00:26]} Rxb5 {[%emt 0:00:10]} 27. Qxb5 {[%emt 0:00:35]} Nxb5 {[%emt 0:02:04]} 28. Bxd7 {[%emt 0:00:02]} Qb8 {[%emt 0:00:12]} 29. Bxe8 {[%emt 0:00:04]} Qxe8 {[%emt 0:00:04]} 30. Ra5 {[%emt 0:00:29]} Kg8 {[%emt 0:00:07]} 31. Rda1 {[%emt 0:00:16]} Kf7 {[%emt 0:00:12]} 32. Be3 {[%emt 0:01:14]} h5 {[%emt 0:01:27]} 33. Ra8 {[%emt 0:00:36]} Qd7 {[%emt 0:00:06]} 34. Rb8 {[%emt 0:00:28]} h4 {[%emt 0:00:34]} 35. g4 Nd4 {[%emt 0:01:02]} 36. Bxd4 {[%emt 0:01:54]} exd4 {[%emt 0:00:06]} 37. b4 d3 {[%emt 0:00:15]} 38. Rba8 {[%emt 0:00:43]} d2 {[%emt 0:01:09]} 39. Rd1 {[%emt 0:00:18]} Qd3 {[%emt 0:00:22]} 40. Ra2 {[%emt 0:00:00]} Qxh3 {[%emt 0:00:00]} 41. Raxd2 {[%emt 0:01:08]} Qxg4+ {[%emt 0:00:28]} 42. Kh2 {[%emt 0:06:25]} h3 43. f4 {[%emt 0:01:58]} Qxf4+ {[%emt 0:02:15]} 44. Kxh3 {[%emt 0:00:02]} Qxb4 {[%emt 0:00:07]} 45. Rd4 {[%emt 0:00:37]} Qc3+ {[%emt 0:00:16]} 46. R1d3 {[%emt 0:00:11]} Qe1 {[%emt 0:00:08]} 47. Kg2 {[%emt 0:00:23]} g5 {[%emt 0:00:11]} 48. Rf3 {[%emt 0:00:53]} Kg6 {[%emt 0:01:08]} 49. Rd8 {[%emt 0:00:55]} Qe2+ {[%emt 0:00:56]} 50. Kg3 {[%emt 0:00:32]} Qe5+ {[%emt 0:00:18]} 51. Kg2 {[%emt 0:00:10]} Qe6 {[%emt 0:01:51]} 52. Rdd3 {[%emt 0:00:20]} Qc6 {[%emt 0:00:56]} 53. Kg3 {[%emt 0:00:18]} e5 {[%emt 0:00:14]} 54. Rd8 {[%emt 0:00:10]} e4 {[%emt 0:00:30]} 0-1

[Event "2nd Irena Warakomska Memorial-A"]
[Site "Suwalki"]
[Date "2018.08.07"]
[Round "8"]
[White "Ovsejevitsch, Sergei"]
[Black "Shtembuliak, Evgeny"]
[Result "1-0"]
[WhiteElo "2597"]
[BlackElo "2518"]
[Annotator "ChessBase"]
[PlyCount "53"]
[EventDate "2018.08.01"]
[EventType "swiss"]
[EventCountry "POL"]
[SourceTitle "playchess.com"]
[Source "ChessBase"]
[SourceQuality "1"]
[TimeControl "40/5400+30:1800+30"]

1. d4 {[%emt 0:00:00]} g6 {[%emt 0:00:00]} 2. e4 {[%emt 0:00:16]} Bg7 {[%emt 0:00:00]} 3. c4 {[%emt 0:00:21]} d6 {[%emt 0:00:00]} 4. Nc3 {[%emt 0:01:43]} c5 {[%emt 0:00:00]} 5. d5 {[%emt 0:01:55]} e6 {[%emt 0:00:04]} 6. Nf3 {[%emt 0:10:28]} Ne7 {[%emt 0:00:11]} 7. h3 {[%emt 0:05:58]} O-O {[%emt 0:02:27]} 8. Bd3 {[%emt 0:00:16]} a6 {[%emt 0:01:13]} 9. O-O {[%emt 0:06:34]} h6 {[%emt 0:03:03]} 10. Re1 {[%emt 0:04:31]} Nd7 {[%emt 0:05:51]} 11. a4 {[%emt 0:08:18]} g5 {[%emt 0:04:23]} 12. h4 {[%emt 0:07:53]} g4 {[%emt 0:03:05]} 13. Nh2 {[%emt 0:00:48]} h5 {[%emt 0:00:45]} 14. Bg5 {[%emt 0:03:50]} Ne5 {[%emt 0:03:04]} 15. Nf1 {[%emt 0:02:39]} f6 {[%emt 0:04:27]} 16. Bc1 {[%emt 0:02:50]} exd5 {[%emt 0:33:42]} 17. exd5 {[%emt 0:04:46]} f5 {[%emt 0:01:03]} 18. Bg5 {[%emt 0:02:12]} f4 {[%emt 0:01:02]} 19. Bc2 {[%emt 0:10:03]} Rf7 {[%emt 0:09:29]} 20. Ne4 {[%emt 0:04:55]} Nxc4 {[%emt 0:02:24]} 21. Nxc5 {[%emt 0:06:11]} Nxb2 {[%emt 0:11:55]} 22. Qd2 {[%emt 0:04:31]} Qc7 {[%emt 0:04:48]} 23. Ne6 {[%emt 0:02:24]} Bxe6 {[%emt 0:01:53]} 24. dxe6 {[%emt 0:00:09]} Rff8 {[%emt 0:00:03]} 25. Rac1 {[%emt 0:00:36]} Qd8 {[%emt 0:02:22]} 26. Bb1 {[%emt 0:01:47]} Qe8 {[%emt 0:01:08]} 27. Rc7 {[%emt 0:00:48]} 1-0

[Event "2nd Irena Warakomska Memorial-A"]
[Site "Suwalki"]
[Date "2018.08.07"]
[Round "8"]
[White "Tomczak, Jacek"]
[Black "Leniart, Arkadiusz"]
[Result "1-0"]
[WhiteElo "2596"]
[BlackElo "2498"]
[Annotator "ChessBase"]
[PlyCount "55"]
[EventDate "2018.08.01"]
[EventType "swiss"]
[EventCountry "POL"]
[SourceTitle "playchess.com"]
[Source "ChessBase"]
[SourceQuality "1"]
[TimeControl "40/5400+30:1800+30"]

1. e4 {[%emt 0:00:00]} e5 {[%emt 0:00:00]} 2. Nf3 {[%emt 0:00:00]} Nc6 {[%emt 0:00:00]} 3. Bb5 {[%emt 0:00:00]} a6 {[%emt 0:00:00]} 4. Ba4 {[%emt 0:00:00]} Nf6 {[%emt 0:00:00]} 5. O-O {[%emt 0:00:14]} Nxe4 {[%emt 0:00:04]} 6. d4 {[%emt 0:00:45]} b5 {[%emt 0:00:09]} 7. Bb3 {[%emt 0:00:06]} d5 {[%emt 0:00:05]} 8. dxe5 {[%emt 0:00:35]} Be6 {[%emt 0:00:04]} 9. Qe2 {[%emt 0:04:07]} Nc5 {[%emt 0:00:46]} 10. Rd1 {[%emt 0:00:56]} Nxb3 {[%emt 0:00:12]} 11. axb3 {[%emt 0:00:11]} Be7 {[%emt 0:00:05]} 12. Nc3 {[%emt 0:20:39]} O-O {[%emt 0:09:18]} 13. Bf4 {[%emt 0:00:32]} b4 {[%emt 0:28:43]} 14. Na4 {[%emt 0:09:52]} Qd7 {[%emt 0:11:20]} 15. Bg5 {[%emt 0:05:06]} Rfe8 {[%emt 0:03:30]} 16. Bxe7 {[%emt 0:05:00]} Qxe7 {[%emt 0:00:25]} 17. Qe3 {[%emt 0:00:56]} Rad8 {[%emt 0:08:01]} 18. Qc5 {[%emt 0:07:23]} Bg4 {[%emt 0:03:05]} 19. Qxc6 {[%emt 0:07:39]} Bxf3 {[%emt 0:00:06]} 20. gxf3 {[%emt 0:01:23]} Qg5+ {[%emt 0:01:06]} 21. Kh1 {[%emt 0:01:52]} Qf4 {[%emt 0:01:55]} 22. Rd3 {[%emt 0:08:17]} Rxe5 {[%emt 0:09:54]} 23. Rg1 {[%emt 0:00:54]} h5 {[%emt 0:06:04]} 24. Qxc7 {[%emt 0:02:31]} Rde8 {[%emt 0:00:15]} 25. Nb6 {[%emt 0:02:33]} Qf5 {[%emt 0:02:52]} 26. Qd7 {[%emt 0:02:12]} R8e6 {[%emt 0:00:40]} 27. Nxd5 {[%emt 0:02:00]} Kh7 {[%emt 0:01:21]} 28. Nc7 {[%emt 0:01:39]} 1-0

[Event "2nd Irena Warakomska Memorial-A"]
[Site "Suwalki"]
[Date "2018.08.07"]
[Round "8"]
[White "Aleksandrov, Aleksej"]
[Black "Matviishen, Viktor"]
[Result "1/2-1/2"]
[WhiteElo "2585"]
[BlackElo "2423"]
[Annotator "ChessBase"]
[PlyCount "80"]
[EventDate "2018.08.01"]
[EventType "swiss"]
[EventCountry "POL"]
[SourceTitle "playchess.com"]
[Source "ChessBase"]
[SourceQuality "1"]
[TimeControl "40/5400+30:1800+30"]

1. d4 {[%emt 0:00:00]} Nf6 {[%emt 0:00:00]} 2. c4 {[%emt 0:00:00]} e6 {[%emt 0:00:00]} 3. Nc3 {[%emt 0:00:00]} Bb4 {[%emt 0:00:00]} 4. a3 {[%emt 0:00:00]} Bxc3+ {[%emt 0:00:00]} 5. bxc3 {[%emt 0:00:00]} Ne4 {[%emt 0:00:25]} 6. Nh3 {[%emt 0:02:47]} c5 {[%emt 0:13:50]} 7. e3 {[%emt 0:08:10]} Qa5 {[%emt 0:02:42]} 8. Bb2 {[%emt 0:00:09]} cxd4 {[%emt 0:06:42]} 9. exd4 {[%emt 0:02:36]} O-O {[%emt 0:00:43]} 10. Bd3 {[%emt 0:04:16]} Nf6 {[%emt 0:00:01]} 11. O-O {[%emt 0:00:35]} b6 {[%emt 0:09:02]} 12. a4 {[%emt 0:18:34]} Nc6 {[%emt 0:05:47]} 13. Ba3 {[%emt 0:05:07]} Re8 {[%emt 0:07:15]} 14. Rb1 {[%emt 0:00:36]} Qh5 {[%emt 0:02:02]} 15. f3 {[%emt 0:11:20]} Ba6 {[%emt 0:02:26]} 16. Re1 {[%emt 0:06:05]} e5 {[%emt 0:06:37]} 17. Be2 {[%emt 0:00:59]} exd4 {[%emt 0:02:36]} 18. cxd4 {[%emt 0:02:35]} d5 {[%emt 0:05:51]} 19. c5 {[%emt 0:00:05]} Bxe2 {[%emt 0:01:28]} 20. Rxe2 {[%emt 0:00:11]} Rxe2 {[%emt 0:00:04]} 21. Qxe2 {[%emt 0:00:35]} Nxd4 {[%emt 0:03:58]} 22. Qd3 {[%emt 0:00:23]} bxc5 {[%emt 0:00:23]} 23. Bxc5 {[%emt 0:00:06]} Ne6 {[%emt 0:00:44]} 24. Be7 {[%emt 0:01:37]} Qg6 {[%emt 0:01:51]} 25. Qb5 {[%emt 0:05:25]} h6 {[%emt 0:01:06]} 26. Bxf6 {[%emt 0:00:39]} Qxf6 {[%emt 0:02:03]} 27. Qxd5 {[%emt 0:03:25]} Rd8 {[%emt 0:00:13]} 28. Qe4 {[%emt 0:01:36]} Nc5 {[%emt 0:00:44]} 29. Qc2 {[%emt 0:00:40]} Qd4+ {[%emt 0:02:04]} 30. Nf2 {[%emt 0:00:12]} Nxa4 {[%emt 0:03:52]} 31. Rd1 {[%emt 0:04:34]} Re8 {[%emt 0:00:03]} 32. g3 {[%emt 0:06:54]} Qb4 {[%emt 0:00:02]} 33. Nd3 {[%emt 0:05:05]} Qb5 {[%emt 0:05:01]} 34. Ra1 {[%emt 0:01:31]} Nb6 {[%emt 0:00:20]} 35. Rxa7 {[%emt 0:00:07]} Nc4 {[%emt 0:00:07]} 36. Ra1 {[%emt 0:01:10]} Qd5 {[%emt 0:00:53]} 37. Re1 {[%emt 0:01:57]} Rd8 {[%emt 0:03:27]} 38. Nf4 {[%emt 0:00:32]} Qd4+ {[%emt 0:00:52]} 39. Qf2 {[%emt 0:01:21]} Ne5 {[%emt 0:00:06]} 40. Kg2 {[%emt 0:00:00]} Qxf2+ {[%emt 0:00:00]} 1/2-1/2

[Event "2nd Irena Warakomska Memorial-A"]
[Site "Suwalki"]
[Date "2018.08.07"]
[Round "8"]
[White "Stupak, Kirill"]
[Black "Koziak, Vitali"]
[Result "1-0"]
[WhiteElo "2573"]
[BlackElo "2476"]
[Annotator "TA"]
[PlyCount "67"]
[EventDate "2018.08.01"]
[EventType "swiss"]
[EventCountry "POL"]
[SourceTitle "playchess.com"]
[Source "ChessBase"]
[SourceQuality "1"]

{[%evp 16,67,-43,-43,-31,-35,-33,-26,-14,-28,10,-79,0,-93,-68,-76,-72,-150,-100,-93,-82,-112,102,121,453,291,392,387,778,747,1032,825,1543,1551,1493,1236,2833,1419,1295,1266,1153,526,866,873,1585,1478,1454,1330,1784,1732,29985,29986,29985,29985]} 1. d4 {Huebner,R} d5 2. Nf3 Nf6 3. c4 c6 4. Nc3 dxc4 5. a4 Bf5 6. Ne5 e6 7. f3 Bb4 8. Bg5 h6 9. Bh4 {LiveBook: 49 Games. D17: Slav Defence: 5 a4 Bf5: Lines with 6 Nh4 and 6 Ne5} b5 (9... c5 10. dxc5 Qxd1+ 11. Kxd1 Nfd7 12. Nxc4 O-O 13. e4 Bg6 14. Be2 Nc6 15. Bf2 Bxc5 16. Bxc5 Nxc5 17. Ke1 f5 18. exf5 Bxf5 {0-1 (36) Shipov,S (2576)-Grischuk,A (2717) Moscow 2006}) 10. e4 Bh7 $1 11. Be2 {Black is slightly better.} Qb6 12. O-O Nfd7 13. f4 $146 (13. Nxd7 $11 {remains equal.} Nxd7 14. Bf2) ({Predecessor:} 13. Ng4 f5 14. exf5 exf5 15. a5 Qc7 16. Bxc4 bxc4 {0-1 (66) Shcherbakov,R (2559)-Kobalia,M (2537) Ekaterinburg 1999 CBM 075 [Huebner,R]}) 13... O-O ({Black should try} 13... Nxe5 $17 14. fxe5 Nd7) 14. Bh5 (14. Ng4 $1 $11) 14... Nxe5 $17 15. fxe5 Nd7 16. Na2 (16. axb5 $142 cxb5 17. Na2) 16... a5 {And now ...Nxe5 would win.} 17. Nxb4 axb4 18. Be7 c5 $2 {[#]} (18... bxa4 $17 {and life is bright.} 19. Rxa4 (19. Bxf8 Rxf8 20. Rxa4 Bxe4 $17) 19... Rxa4 20. Bxf8 Ra7) 19. a5 $36 {[%mdl 2048] White is on the roll.} Qa7 $2 {[%mdl 8192]} (19... Qa6 $16 {is tougher.}) 20. d5 Nxe5 21. Bxf8 Rxf8 $2 (21... c3 22. Bd6 c4+ 23. Kh1 cxb2) 22. dxe6 $18 g6 23. Qd5 gxh5 24. Qxe5 c3 25. bxc3 bxc3 26. Qg3+ Bg6 27. exf7+ Kh7 28. Qxc3 (28. Rf6 $142 c4+ 29. Kh1 Bxe4 30. Qf4) 28... b4 29. Qe3 Rxf7 30. Rxf7+ Bxf7 31. e5 b3 32. e6 Bxe6 33. Qxe6 c4+ 34. Kh1 {Precision: White = 49%, Black = 20%.} 1-0

[Event "2nd Irena Warakomska Memorial-A"]
[Site "Suwalki"]
[Date "2018.08.07"]
[Round "8"]
[White "Bernadskiy, Vitaliy"]
[Black "Caspi, Israel"]
[Result "1-0"]
[WhiteElo "2544"]
[BlackElo "2454"]
[Annotator "TA"]
[PlyCount "107"]
[EventDate "2018.08.01"]
[EventType "swiss"]
[EventCountry "POL"]
[SourceTitle "playchess.com"]
[Source "ChessBase"]
[SourceQuality "1"]

{[%evp 9,107,6,15,6,14,21,25,17,38,38,50,56,48,66,75,75,79,75,79,83,75,75,94,107,104,110,87,100,100,18,25,25,29,15,27,25,14,14,51,51,51,51,64,60,63,62,85,83,80,58,159,108,162,181,227,227,227,227,227,220,304,304,275,227,278,276,273,264,261,220,220,205,2258,1786,4866,5514,5514,5506,5539,5498,5498,4985,4298,4273,2246,416,2840,415,29972,29973,29976,29977,29976,29965,29982,29983,29983,29984,29982,29981]} 1. Nf3 f5 2. d3 Nc6 (2... d6 3. e4 e5 4. Nc3 Be7 5. d4 fxe4 6. Nxe4 d5 7. Neg5 exd4 8. Bd3 Qd6 9. Nxd4 c5 10. Nb5 Qe5+ 11. Be3 Na6 12. O-O {1-0 (36) Svidler,P (2751)-Bu,X (2710) Tbilisi 2017}) 3. g3 g6 4. Bg2 $146 ({Predecessor:} 4. e4 d6 5. exf5 Bxf5 6. d4 Nf6 7. Bg2 Qd7 8. O-O d5 9. Bf4 O-O-O 10. Nbd2 {1-0 (24) Angskog,K (2243)-Semcesen,D (2402) Stockholm 2009}) 4... Bg7 5. e4 d6 6. O-O {A04: Unusual lines after 1 Nf3 and King's Indian Attack} Nf6 7. exf5 Bxf5 8. d4 {[%cal Bd3d4,Bd4d5][%mdl 32] White has an edge.} O-O 9. d5 Nb4 10. Nd4 Bg4 (10... Nfxd5 $2 11. Nxf5 Rxf5 12. a3 $18) 11. Qe1 c5 ({Don't play} 11... Nfxd5 $6 12. Ne6 $11) 12. dxc6 Nxc6 {[#]} 13. Ne6 $1 {[%cal Re6d8]} Bxe6 14. Qxe6+ Kh8 15. c3 Qb6 16. Nd2 Ne5 17. Qxe7 Rf7 18. Qe6 Raf8 19. Nc4 (19. Qb3 $16) 19... Nxc4 $11 20. Qxc4 {Black must now prevent Qb3.} Ng4 $1 {[%cal Rg4f2]} 21. Bf4 ({Much weaker is} 21. Qxg4 Rxf2 22. Be3 Qxe3 $15) 21... g5 $1 {[%cal Rg5f4]} 22. Be3 Nxe3 23. fxe3 Qxb2 24. Rxf7 Qxa1+ 25. Bf1 $1 {Rxf8+ is the strong threat.} Re8 26. Qa4 Rg8 27. Qe4 d5 28. Qxd5 Qxc3 29. Qe4 $40 {[%mdl 128] aiming for Bd3. White has some attack.} Rd8 ({Black should play} 29... Qe5 $14 30. Qxe5 (30. Qxb7 Qxe3+ 31. Kh1 a5 $14) 30... Bxe5) 30. Rxb7 ({Better is} 30. Rd7 Rc8 31. Bd3 (31. Rxb7 Qa1 $16) 31... Qc1+ 32. Kg2) 30... g4 (30... a5 $16 31. Rd7 Rb8) 31. Rxa7 $18 Rf8 {Strongly threatening ...Qd2.} 32. Ra8 h5 33. Rxf8+ Bxf8 34. Qd4+ Bg7 {[#]} 35. Qxc3 $1 Bxc3 {[%mdl 4096] Endgame KB-KB} 36. Be2 Be5 37. a4 Bc7 38. Kf2 Kg7 39. e4 Bb6+ 40. Kg2 Kf6 $2 (40... Bc7 41. h3 gxh3+ 42. Kxh3 Kg6) 41. h3 Ke5 42. hxg4 hxg4 43. Bxg4 Kxe4 44. Bc8 Ke3 45. g4 Bd8 46. Kg3 Ke4 47. Bd7 Ke3 (47... Ke5 $142 48. Kf3 Kd6) 48. Bc6 (48. Bf5 $142 Kd4 49. Kf4) 48... Bc7+ (48... Kd4 $18 49. Kf4 Kc5) 49. Kh4 {White mates.} Kf4 50. Kh5 Bd8 51. Bd7 Ba5 52. g5 {[%cal Bg4g5,Bg5g6][%mdl 32]} Ke5 53. g6 Kf6 54. Kh6 {Precision: White = 81%, Black = 39%.} 1-0

[Event "2nd Irena Warakomska Memorial-A"]
[Site "Suwalki"]
[Date "2018.08.07"]
[Round "8"]
[White "Kanarek, Marcel"]
[Black "Venkataraman, Karthik"]
[Result "0-1"]
[WhiteElo "2518"]
[BlackElo "2501"]
[Annotator "TA"]
[PlyCount "100"]
[EventDate "2018.08.01"]
[EventType "swiss"]
[EventCountry "POL"]
[SourceTitle "playchess.com"]
[Source "ChessBase"]
[SourceQuality "1"]

{[%evp 25,100,3,20,0,45,0,0,0,0,0,9,14,19,5,12,0,71,50,101,33,52,36,39,54,49,41,81,47,61,48,90,82,92,74,96,0,0,-76,-83,-52,-68,-116,-106,-154,-116,-158,-166,-161,-164,-141,-149,-154,-174,-160,-87,-81,0,0,0,0,0,-1598,-1656,-1512,-1515,-1218,-1190,-6203,-841,-1222,-1221,-1087,-1137,-29979,-29976,-29993,-29993]} 1. e4 c5 2. Nf3 d6 3. d4 Nf6 4. Nc3 cxd4 5. Nxd4 a6 6. Bg5 e6 7. f4 h6 8. Bh4 Qb6 9. a3 Be7 {B96: Sizilianisch (Najdorf-Variante)} 10. Bf2 Qc7 11. Qf3 (11. Bd3 e5 12. Nde2 b5 13. Qd2 Nbd7 14. O-O-O Rb8 15. h3 b4 16. axb4 Rxb4 17. g4 {0-1 (57) Najer,E (2693)-Wojtaszek,R (2741) Czech Republic 2018}) 11... Nbd7 12. O-O-O b5 13. g4 Bb7 {LiveBook: 27 Partien} 14. Bg2 g5 15. h4 gxf4 16. g5 Ne5 17. Qxf4 hxg5 18. hxg5 Rxh1 19. Rxh1 {[#]} Nfd7 $146 20. Kb1 Ng6 (20... O-O-O $11) 21. Qg3 $16 Nde5 (21... Ndf8 $14) 22. Bh3 (22. Rh7 $1 $16) 22... Bc8 23. Nf5 Bf8 ({Doch nicht} 23... exf5 $6 24. exf5 Nf8 25. Nd5 $18) 24. Nh6 Rb8 25. Ng8 Bg7 26. Nf6+ Bxf6 27. gxf6 b4 28. axb4 $1 Rxb4 29. Bf1 Bb7 30. Rh7 ({Lieber} 30. Nd5 $1 $16 {[%cal Rd5c7]} Bxd5 31. exd5) 30... Qd8 $11 31. Rg7 (31. Be2 $11 {bleibt in der Remisbreite.}) 31... Qxf6 $17 32. Rg8+ Kd7 $1 {Und weiter mit ...Sg4! wäre nett.} 33. Nd1 Nf3 {[%cal Be5f3,Bf3d2,Bd2e4][%mdl 32] ...Sd2+ ist eine echte Drohung.} ({Jedoch nicht} 33... Rxe4 $2 34. Qb3 $18) 34. Bd3 Bxe4 35. Bxe4 Nd2+ 36. Kc1 Nxe4 37. Qa3 Qg5+ 38. Be3 Qb5 39. b3 Qb7 (39... Ne5 $142 {Droht stark ...Sc4!} 40. Ra8 Qc6 41. Qxa6 Qxa6 42. Rxa6 Nc6) 40. Qa5 {[#]} Ne5 (40... e5 $1 $17 {Und ...Ke6 würde nun gewinnen.} 41. Qd8+ Ke6 42. Qe8+ Qe7 43. Qc8+ Qd7 44. Qxa6 Ne7) 41. Qd8+ Kc6 42. Qe8+ Kd5 {Droht ...Dc6 und aus.} 43. Bg1 $2 {[%mdl 8192] [#]} (43. Qd8 $11) 43... Rxb3 $1 $19 {[%csl Gb7][%cal Rb3b1][%mdl 512]} 44. Ne3+ {[#]} (44. cxb3 Qc7+) 44... Rxe3 $1 45. Bxe3 Nc4 {( -> ...Db2+)} 46. Bg1 Nc3 (46... Qb4 $142 47. Qa8+ Ke5 48. Qxe4+ Kxe4 49. Rg4+ Kd5 50. Rd4+ Kc6 51. Rxc4+ Qxc4) 47. Bb6 Qxb6 {[%cal Rb6e3]} 48. Qa8+ Kc5 {[%csl Gc4][%cal Rb6b2]} 49. Rc8+ Kd4 {[%csl Gc4][%cal Rb6b2]} 50. Rb8 Qc5 {Precision: Weiß = 52%, Schwarz = 61%.} 0-1